000 02040agaaa2200337 4500
001 6219
003 IT-RoPAU
005 20220918181241.0
007 d cvaizq
008 50131s9999||||xx ||| | || ||und||
040 _aIT-RoPAU
_cIT-RoPAU
041 _aITALIANO
100 _aSchlondorff Volker
_gCodice regista SPICS: 11222
_945387
130 _aCOLPO DI GRAZIA
_945388
240 _aCOUP DE GRACE / DER FRANGSCHUSS
_gT1844
245 _aCOLPO DI GRAZIA
_cProdotto da: Dauman Anatole -- Sceneggiatura: Schlondorff Volker -- Diretto da: Schlondorff Volker
_pCOLPO DI GRAZIA (Rif. Codice opera principale : 26219)
246 _aCOUP DE GRACE / DER FRANGSCHUSS
250 _aEdizione Standard
260 _aPARIGI - MONACO (FRANCIA - GERMANI)
_bARGOS FILMS - BIOSKOP FILM / Distribuzione: RAI
_g"1976 (1° ed.: 1985 ; Ed. Lingua Orig.: 1976)"
300 _aVHS
_bsonoro, col.
508 _a"Fotografia: Luther I. Arnold P.; Montaggio: Sperr J. Dorn Anette; Musica: Myers Stanley; Sceneggiatura: Schlondorff Volker; Scenografia: Kiebach Jurgen; "
511 _a"Von; Trotta Margarethe; Habich Matthias; Kirschstein Rudiger; Eyaud Marc; Thost Brun"
520 _aSTATI BALTICI SORGEVANO SUL MARE OMONIMO TRA LA RUSSIA ZARISTA E LA POLONIA LA RIVOLUZIONE RUSSA E LA DISFATTA DELL'IMPERO GERMANICO GETTARONO NELLO SCOMPIGLIO LA REGIONE DELLA CURLANDIA GLI JUNKER TEDESCHI O PROPRIETARI TERRIERI I NAZIONALISTI LETTONI ESTONI E LITUANI DISPARATISSIMI COMPONENTI DELL'ARMATA BIANCA NONOSTANTE FOSSERO DA SEMPRE ACERRIMI AVVERSARI SI UNIRONO IN BANDE ORGANIZZATE PER COMBATTERE CONTRO I BOLSCEVICHI E L'ARMATE ROSSA FILM DRAMMATICO DI GUERRA
538 _aPAL, STEREO
546 _aITALIANO
650 _aFILM DI GUERRA
_eFILMS [VHS]
_xCodice MATERIA SPICS: 9960
_945389
700 _aMyers Stanley
_e(musica)
_gCodice Musica SPICS: 22984
_945390
700 _aSchlondorff Volker
_e(regista)
_gCodice regista SPICS: 11222
_945391
700 _aSchlondorff Volker
_e(soggetto)
_gCodice Soggetto SPICS: 11222
_945392
942 _cVH
_2ddc
999 _c106154
_d106154